000 00709cam a2200181 i 4500
005 20251202095609.0
008 250721q9999 ua gr 000 0 ara d
082 1 4 _a212
_bع ث ي
100 1 _aالعثيمين، محمد بن صالح
_eمؤلف.
245 1 0 _aتفسير جزء عم /
_cلفضيلة الشيخ محمد بن صالح العثيمين ؛ راجعه وخرج أحاديثه د. عماد علي عبد السميع.
264 3 1 _aبيروت :
_bدار و مكتبة الهلال،
_c1985.
300 _a190 صفحة.
650 1 7 _aالقرآن الكريم.
650 1 7 _aتفسير القرآن.
650 1 7 _aسور القرآن.
942 _2ddc
_cBK
999 _c17210
_d17210